<?xml version="1.0" encoding="UTF-8"?>
<marc:record xmlns:marc="http://www.loc.gov/MARC21/slim">
   <marc:leader>00000nam a2200000 a 4500</marc:leader>
   <marc:datafield ind1="1" ind2=" " tag="100">
      <marc:subfield code="a">Malessa, Andreas</marc:subfield>
      <marc:subfield code="4">aut</marc:subfield>
      <marc:subfield code="e">Verfasser/-in</marc:subfield>
   </marc:datafield>
   <marc:datafield ind1=" " ind2=" " tag="653">
      <marc:subfield code="a">Mann</marc:subfield>
   </marc:datafield>
   <marc:datafield ind1=" " ind2=" " tag="653">
      <marc:subfield code="a">Mittleres Lebensalter</marc:subfield>
   </marc:datafield>
   <marc:datafield ind1=" " ind2=" " tag="653">
      <marc:subfield code="a">Lebensgefühl</marc:subfield>
   </marc:datafield>
   <marc:datafield ind1=" " ind2=" " tag="653">
      <marc:subfield code="a">Softcover / Sachbücher/Politik</marc:subfield>
   </marc:datafield>
   <marc:datafield ind1=" " ind2=" " tag="653">
      <marc:subfield code="a">Gesellschaft</marc:subfield>
   </marc:datafield>
   <marc:datafield ind1=" " ind2=" " tag="653">
      <marc:subfield code="a">Wirtschaft/Gesellschaft</marc:subfield>
   </marc:datafield>
   <marc:datafield ind1=" " ind2=" " tag="653">
      <marc:subfield code="a">7044: GVH Religion und Gesellschaft</marc:subfield>
   </marc:datafield>
   <marc:datafield ind1="0" ind2="0" tag="245">
      <marc:subfield code="a">Altherrensommer</marc:subfield>
   </marc:datafield>
   <marc:datafield ind1="0" ind2="0" tag="245">
      <marc:subfield code="b">Männer in der Drittlife-Krise</marc:subfield>
   </marc:datafield>
   <marc:datafield ind1="0" ind2="0" tag="245">
      <marc:subfield code="c">Andreas Malessa</marc:subfield>
   </marc:datafield>
   <marc:datafield ind1=" " ind2="1" tag="264">
      <marc:subfield code="a">Gütersloh</marc:subfield>
      <marc:subfield code="b">Gütersloher Verl.-Haus</marc:subfield>
      <marc:subfield code="c">2012</marc:subfield>
   </marc:datafield>
   <marc:datafield ind1=" " ind2=" " tag="250">
      <marc:subfield code="a">1. Aufl.</marc:subfield>
   </marc:datafield>
   <marc:datafield ind1="1" ind2=" " tag="520">
      <marc:subfield code="a">Angaben aus der Verlagsmeldung

Altherrensommer : Männer in der Drittlife-Krise / von Andreas Malessa

Eine einzigartige Reisereportage in eine terra incognita

Sie selbst reden ungern darüber. Und was andere dazu sagen, Frauen zum Beispiel, stimmt höchstens als Außenansicht: Männer im Alter 50 plus – ihr Lebensgefühl, ihre Wünsche und Herausforderungen in der Drittlife-Krise. Wenn der Körper schwächelt, die Pensionierung naht und das Geld knapper wird. Wenn auch die Partnerin in die Jahre gekommen ist und es mehr Freizeit, aber weniger Lebenszeit gibt. Wenn man geachtet werden möchte, statt peinlich zu werden.

In kurzweiligen Porträts quer durch die sozialen Schichten nimmt uns Andreas Malessa mit auf eine höchst unterhaltsame Reise in jene Sphäre aus Scham und Ehre, die Frauen zu kennen glauben und Männer selten zu erkennen geben. Eine psychologisch-gesellschaftskritische Reisereportage durch die Innenwelten der »Best Ager«. Mit humorigen Schlüsselloch-Effekten für Leserinnen und hohem Wiedererkennungswert für Leser.

Überraschende Innenansichten aus einer vermeintlich »alt«-bekannten Alltagskultur, gut recherchiert und brillant erzählt
Altersweise Erfahrungen, wie die Würde bleibt, wenn der Status geht

</marc:subfield>
   </marc:datafield>
   <marc:datafield ind1=" " ind2=" " tag="020">
      <marc:subfield code="a">9783579066639</marc:subfield>
      <marc:subfield code="9">9783579066639</marc:subfield>
   </marc:datafield>
   <marc:datafield ind1=" " ind2=" " tag="020">
      <marc:subfield code="a">3579066633</marc:subfield>
      <marc:subfield code="9">3579066633</marc:subfield>
   </marc:datafield>
   <marc:datafield ind1=" " ind2=" " tag="041">
      <marc:subfield code="a">ger</marc:subfield>
   </marc:datafield>
   <marc:datafield ind1=" " ind2=" " tag="300">
      <marc:subfield code="a">191 S.</marc:subfield>
   </marc:datafield>
</marc:record>
